Hướng dẫn sử dụng Solidworks
Sparad:
| Huvudupphovsman: | |
|---|---|
| Övriga upphovsmän: | |
| Materialtyp: | Bok |
| Språk: | Vietnamese |
| Publicerad: |
Hà Nội
Bách khoa Hà Nội
2016
|
| Ämnen: | |
| Taggar: |
Lägg till en tagg
Inga taggar, Lägg till första taggen!
|
| Thư viện lưu trữ: | Trung tâm Học liệu Lê Vũ Hùng, Trường Đại học Đồng Tháp |
|---|
| LEADER | 00832aam a22002538a 4500 | ||
|---|---|---|---|
| 001 | 00040809 | ||
| 005 | 20180123080140.0 | ||
| 008 | 120403s2007 ||||||viesd | ||
| 020 | # | # | |a 978 604 938 771 5 |c 100000 |
| 041 | 0 | # | |a vie |
| 082 | 1 | 4 | |a 620.0028 5 |b H561D |
| 100 | 1 | # | |a Trương, Minh Trí |
| 245 | 1 | 0 | |a Hướng dẫn sử dụng Solidworks |c Trương Minh Trí; Phạm Quang Huy |
| 260 | # | # | |a Hà Nội |b Bách khoa Hà Nội |c 2016 |
| 300 | # | # | |b hình vẽ |a 378 tr. |c 24 cm. |
| 653 | # | # | |a Kỹ thuật |
| 653 | # | # | |a đồ họa |
| 653 | # | # | |a chương trình máy tính |
| 653 | # | # | |a Solidworks |
| 653 | # | # | |a Thiết kế |
| 700 | 1 | # | |a Phạm Quang Huy |
| 852 | # | # | |j KD.0023246 |
| 910 | |d 23/01/2018 | ||
| 980 | # | # | |a Trung tâm Học liệu Lê Vũ Hùng, Trường Đại học Đồng Tháp |